000 00370nam a22001457a 4500
005 20250610133836.0
008 250610b |||||||| |||| 00| 0 eng d
020 _a9788024654638
050 _aBS511
_b.3SMI
100 _aSMITH S. COLIN
245 _aUNLOCKING THE BIBLE STORY
260 _aUSA
_bZONDERVAN PUBLISHING HOUSE
_cc2002
300 _a284p
942 _2lcc
_cBK
_n0
999 _c6394
_d6394